000 00483nam a2200169Ia 4500
008 230917s9999||||xx |||||||||||||| ||und||
020 _cRS3000
040 _e242367
_aMAIN
041 _aEnglish
082 _a647.94 K129B
100 _aKamra, Krishan K
245 0 _aBasic of hospitality: Evolution, history and development. 2V
260 _aNew Delhi
_bKanaishka Publishers
_c2012
300 _av. p.
500 _a2885 25/09/2017 HBD17/7055 26/09/2017 IHTM (SFS)
942 _cBK
999 _c24119
_d24119